000 01133nam0a22002891 4500
001 rc\2791607
005 20230530203609.0
035 _a(NLR Aleph) 006917717
090 _a7413684
_c7413684
100 _a20110915d1935 |||y0rusy50 ca
101 1 _arus
_carm
102 _aRU
105 _aae z |||a|
200 1 _aСтрана Наири
_eРоман
_fЕг. Чаренц
_gПер. с арм. Я. Хачатрянца
_gХудож. Мих. Арутчьян
_g[Предисл.: Виктор Гольцев]
205 _a[3-е изд.]
210 _a[Москва]
_cГослитиздат
_d1935
_g17 ф-ка нацкниги треста "Полиграфкнига"
215 _aСуп.-обл., переплет, 285, [2] с.
_cил.
_d20х14 см.
700 1 _aЧаренц
_bЕ. (Абгарович)
_f1879-1937
_gЕгише (Абгарович)
702 1 _aАрутчьян
_bМих.
_4440
702 1 _aХачатрянц
_bЯ.
_4730
702 1 _aГольцев
_bВ.
_gВиктор
_4080
801 0 _aRU
_bNLR
_gpsbo
801 1 _aRU
_bELAR
_2rusmarc
852 _aNLR
_j35-3/671
942 _cBOOK
980 _aNB